| 000 | 00584cam a22002171 4500 | ||
|---|---|---|---|
| 001 | 9721882 | ||
| 005 | 20180222073546.0 | ||
| 008 | 770823s1940 nyua b 000 0 eng | ||
| 010 | _a 40034133 | ||
| 035 | _a(OCoLC)3211359 | ||
| 040 |
_aDLC _cOClU _dOCoLC _dDLC |
||
| 041 | _aeng | ||
| 080 | _a330.19355 MEN | ||
| 082 | _a330.19355 MEN | ||
| 100 | 1 | _a52 | |
| 101 | _aEKO | ||
| 245 | 0 | 4 |
_aThe economics of war, _cby Horst Mendershausen ... |
| 504 | _a"Suggested references" at end of each chapter. | ||
| 906 |
_a7 _bcbc _coclcrpl _du _encip _f19 _gy-gencatlg |
||
| 942 |
_2ddc _cBK |
||
| 999 |
_c43193 _d43193 |
||